Workshop practice (Record no. 4721)

MARC details
000 -LEADER
fixed length control field 00389nam a22001697a 4500
005 - DATE AND TIME OF LATEST TRANSACTION
control field 20160629145915.0
008 - FIXED-LENGTH DATA ELEMENTS--GENERAL INFORMATION
fixed length control field 160629b xxu||||| |||| 00| 0 eng d
020 ## - INTERNATIONAL STANDARD BOOK NUMBER
ISBN 978-93-80027-30-2
041 ## - LANGUAGE CODE
Language code of text/sound track or separate title eng
082 ## - DEWEY DECIMAL CLASSIFICATION NUMBER
Item number 12506
100 ## - MAIN ENTRY--AUTHOR NAME
Personal name Singh, Swarn
245 ## - TITLE STATEMENT
Title Workshop practice
260 ## - PUBLICATION, DISTRIBUTION, ETC. (IMPRINT)
Name of publisher Katson
Year of publication 2012
300 ## - PHYSICAL DESCRIPTION
Number of Pages 257
650 ## - SUBJECT ADDED ENTRY--TOPICAL TERM
Topical Term Diploma Engineering
942 ## - ADDED ENTRY ELEMENTS (KOHA)
Koha item type Books
Holdings
Lost status Damaged status Collection code Home library Current library Shelving location Date acquired Cost, normal purchase price Full call number Accession Number Koha item type
    MINING JRU Library JRU Library SHELF-58-G 29/06/2016 95.00 12506 12506 Books
      JRU Library   SHELF-45-N 29/06/2016 95.00 12506 12507 Books
      JRU Library     29/06/2016 95.00 12506 12508 Books
      JRU Library   SHELF-45-N 29/06/2016 95.00 12506 12509 Books
    MINING JRU Library JRU Library SHELF-58-G 29/06/2016 95.00 12506 12510 Books